| 000 | 01468cam a22003131i 4500 | ||
|---|---|---|---|
| 003 | SA-RiAUC | ||
| 005 | 20260217135128.0 | ||
| 008 | 260212s2009____su g ab f000 0 ara c | ||
| 020 | _z978960003474 | ||
| 035 | _aAUC_OC_105554 | ||
| 040 |
_aSA-JeALM _bara _cSA-RiAUC _erda |
||
| 043 | _aa-su--- | ||
| 050 | 4 | _bM43 2009 | |
| 082 | 0 | 4 |
_a011.7502020953121 _qSA-RiAUC |
| 090 |
_a011.7502020953121 _bن و ر |
||
| 100 | 1 |
_aنور ولي، محمد طاهر عبدالرحمن _eمؤلف. |
|
| 245 | 1 | 0 |
_aمكة المكرمة في الرسائل الجامعية ( الدكتوراة والماجستير ) _cاعداد محمد طاهر عبدالرحمن نور ولي |
| 264 | 1 |
_aمكة المكرمة : _bجامعة أم القرى - معهد البحوث العلمية وإحياء التراث الإسلامي . _c2004 |
|
| 300 |
_a672 صفحة ؛ _c24 سم. |
||
| 336 |
_aنص _btxt _2rdacontent _3كتاب |
||
| 337 |
_aبدون وسيط _bn _2rdamedia |
||
| 338 |
_aمجلد _bnc _2rdacarrier |
||
| 500 | _aاهداء من المؤلف محمد نور ولي الى الشيخ رحمه الله بتاريخ 5 / 6 / 1432 هـ | ||
| 650 | 7 |
_aالرسائل الجامعية _vببليوجرافيات _zمكة المكرمة _2aucsh |
|
| 650 | 7 |
_aالرسائل الجامعية _zمكة المكرمة _vمستخلصات _2aucsh |
|
| 650 | 7 |
_aالمستخلصات _2aucsh |
|
| 942 |
_2ddc _cBOOK _n0 |
||
| 949 |
_aSA-JeALM _d260212 _uosman123 _n1 |
||
| 999 |
_c14369 _d14369 |
||